000 00471nam a22001697a 4500
999 _c40596
_d40596
003 OSt
005 20201127104650.0
008 191014b ||||| |||| 00| 0 eng d
020 _a9788182677418
040 _coclc
082 _a894.8123
_bJAY/M
100 _aJayamohan
_96962
245 _aMindaachennaai /
_cJayamohan
260 _aKozhikode:
_bMathrubhumi Books,
_c2019.
300 _a72p
942 _2ddc
_cBK
_h894.8123
_iJAY/M
_k894.8123
_mJAY/M